[Event "Portugal Open 2020"]
[Site "Lisbon"]
[Date "2020.01.26"]
[Round "2.13"]
[White "Jaracz, Pawel"]
[Black "Tscharotschkin, Michael"]
[Result "1/2-1/2"]
[WhiteElo "2466"]
[BlackElo "2156"]
[Annotator "ChessBase"]
[PlyCount "30"]
[EventDate "2020.01.25"]
[EventType "swiss"]
[EventCountry "POR"]
[SourceTitle "playchess.com"]
[Source "ChessBase"]
[SourceQuality "1"]
[TimeControl "5400+30"]

1. Nf3 {[%emt 0:00:32]} d5 {[%emt 0:09:15]} 2. c4 {[%emt 0:00:17]} e6 {[%emt 0:00:20]} 3. e3 {[%emt 0:02:10]} c6 {[%emt 0:00:23]} 4. Nc3 {[%emt 0:02:57]} f5 {[%emt 0:00:41]} 5. Qc2 {[%emt 0:01:10]} Nf6 {[%emt 0:00:22]} 6. b3 {[%emt 0:00:18]} Bd6 {[%emt 0:02:41]} 7. Bb2 {[%emt 0:00:35]} O-O {[%emt 0:00:36]} 8. Be2 {[%emt 0:03:14]} Ne4 {[%emt 0:05:38]} 9. d3 {[%emt 0:04:53]} Nxc3 {[%emt 0:00:27]} 10. Bxc3 {[%emt 0:03:44]} Qe7 {[%emt 0:16:04]} 11. e4 {[%emt 0:02:01]} dxe4 {[%emt 0:05:36]} 12. dxe4 {[%emt 0:00:17]} e5 {[%emt 0:02:29]} 13. O-O {[%emt 0:13:40]} Na6 {[%emt 0:07:39]} 14. Rad1 {[%emt 0:07:07]} Nc5 {[%emt 0:04:50]} 15. Bd3 {[%emt 0:14:23]} fxe4 {[%emt 0:02:43]} 1/2-1/2

[Event "Portugal Open 2020"]
[Site "Lisbon"]
[Date "2020.01.26"]
[Round "2.14"]
[White "Borges, Guilherme Deola"]
[Black "Stella, Andrea"]
[Result "1-0"]
[WhiteElo "2134"]
[BlackElo "2465"]
[Annotator "ChessBase"]
[PlyCount "101"]
[EventDate "2020.01.25"]
[EventType "swiss"]
[EventCountry "POR"]
[SourceTitle "playchess.com"]
[Source "ChessBase"]
[SourceQuality "1"]
[TimeControl "5400+30"]

1. d4 {[%emt 0:00:00]} Nf6 {[%emt 0:10:05]} 2. c4 {[%emt 0:00:00]} g6 {[%emt 0:00:06]} 3. Nc3 {[%emt 0:00:00]} d5 {[%emt 0:00:06]} 4. cxd5 {[%emt 0:00:39]} Nxd5 {[%emt 0:00:04]} 5. Bd2 {[%emt 0:00:20]} Nb6 {[%emt 0:00:18]} 6. e3 {[%emt 0:00:42]} Bg7 {[%emt 0:00:07]} 7. Nf3 {[%emt 0:03:56]} O-O {[%emt 0:00:51]} 8. Be2 {[%emt 0:05:22]} Nc6 {[%emt 0:01:13]} 9. O-O {[%emt 0:02:05]} e5 {[%emt 0:00:14]} 10. dxe5 {[%emt 0:02:10]} Nxe5 {[%emt 0:00:21]} 11. Nxe5 {[%emt 0:02:33]} Bxe5 {[%emt 0:00:03]} 12. Qc2 {[%emt 0:00:49]} Qe7 {[%emt 0:03:22]} 13. e4 {[%emt 0:11:32]} c6 {[%emt 0:07:34]} 14. f4 {[%emt 0:08:26]} Bd4+ {[%emt 0:17:37]} 15. Kh1 {[%emt 0:00:10]} f5 {[%emt 0:03:58]} 16. Bd3 {[%emt 0:09:37]} Be6 {[%emt 0:05:57]} 17. exf5 {[%emt 0:07:55]} Bxf5 {[%emt 0:03:04]} 18. Bxf5 {[%emt 0:01:03]} Rxf5 {[%emt 0:01:39]} 19. Rae1 {[%emt 0:03:58]} Qh4 {[%emt 0:14:03]} 20. Ne4 {[%emt 0:11:35]} Nd5 {[%emt 0:11:43]} 21. Qb3 {[%emt 0:02:35]} Bb6 {[%emt 0:05:30]} 22. g3 {[%emt 0:04:42]} Qd8 {[%emt 0:07:54]} 23. Bc3 {[%emt 0:00:40]} Rf7 {[%emt 0:01:04]} 24. Rd1 {[%emt 0:03:24]} h6 {[%emt 0:01:39]} 25. Be5 {[%emt 0:04:15]} Kh7 {[%emt 0:01:07]} 26. g4 {[%emt 0:00:29]} Qe7 {[%emt 0:02:27]} 27. Ng5+ {[%emt 0:03:26]} Kg8 {[%emt 0:00:12]} 28. Nxf7 {[%emt 0:00:24]} Qxf7 {[%emt 0:00:02]} 29. Qh3 {[%emt 0:03:45]} Qf8 {[%emt 0:01:20]} 30. g5 {[%emt 0:01:18]} Re8 {[%emt 0:00:28]} 31. gxh6 {[%emt 0:00:47]} Kh7 {[%emt 0:00:11]} 32. f5 {[%emt 0:01:19]} g5 {[%emt 0:00:25]} 33. Rde1 {[%emt 0:03:05]} Qf7 {[%emt 0:00:37]} 34. f6 {[%emt 0:01:22]} Ne3 {[%emt 0:00:53]} 35. Rxe3 {[%emt 0:00:42]} Bxe3 {[%emt 0:00:01]} 36. Qf5+ {[%emt 0:02:20]} Kh8 {[%emt 0:00:39]} 37. Rf3 {[%emt 0:00:30]} Bf4 {[%emt 0:01:01]} 38. Bxf4 {[%emt 0:00:33]} gxf4 {[%emt 0:00:18]} 39. Qxf4 {[%emt 0:00:24]} Re1+ {[%emt 0:00:37]} 40. Kg2 {[%emt 0:00:17]} Qg6+ {[%emt 0:00:25]} 41. Qg3 {[%emt 0:00:19]} Re2+ {[%emt 0:00:39]} 42. Kf1 {[%emt 0:00:21]} Qxg3 {[%emt 0:00:33]} 43. hxg3 {[%emt 0:01:04]} Re8 {[%emt 0:00:02]} 44. g4 {[%emt 0:00:16]} Kh7 {[%emt 0:00:11]} 45. f7 {[%emt 0:00:11]} Rf8 {[%emt 0:00:01]} 46. Rf6 {[%emt 0:00:07]} a5 {[%emt 0:00:14]} 47. g5 {[%emt 0:00:12]} b5 {[%emt 0:00:06]} 48. Ke2 {[%emt 0:00:16]} c5 {[%emt 0:00:06]} 49. Kf3 {[%emt 0:00:28]} c4 {[%emt 0:00:06]} 50. Kg4 {[%emt 0:00:13]} b4 {[%emt 0:00:08]} 51. Kh5 {[%emt 0:00:09]} 1-0

[Event "Portugal Open 2020"]
[Site "Lisbon"]
[Date "2020.01.26"]
[Round "2.15"]
[White "Haldorsen, Benjamin"]
[Black "Garcia Dorado, Alberto"]
[Result "1-0"]
[WhiteElo "2463"]
[BlackElo "2152"]
[Annotator "ChessBase"]
[PlyCount "64"]
[EventDate "2020.01.25"]
[EventType "swiss"]
[EventCountry "POR"]
[SourceTitle "playchess.com"]
[Source "ChessBase"]
[SourceQuality "1"]
[TimeControl "5400+30"]

1. e4 {[%emt 0:00:07]} e6 {[%emt 0:06:00]} 2. d4 {[%emt 0:00:29]} d5 {[%emt 0:00:11]} 3. Bd3 {[%emt 0:00:16]} dxe4 {[%emt 0:00:08]} 4. Bxe4 {[%emt 0:00:12]} Nf6 {[%emt 0:00:04]} 5. Bf3 {[%emt 0:00:07]} c5 {[%emt 0:00:22]} 6. Ne2 {[%emt 0:00:07]} Nc6 {[%emt 0:00:05]} 7. Be3 {[%emt 0:00:16]} cxd4 {[%emt 0:00:29]} 8. Nxd4 {[%emt 0:00:20]} Ne5 {[%emt 0:00:57]} 9. Nc3 {[%emt 0:00:28]} a6 {[%emt 0:00:20]} 10. Qe2 {[%emt 0:00:04]} Nxf3+ {[%emt 0:00:06]} 11. gxf3 {[%emt 0:00:04]} Bb4 {[%emt 0:16:04]} 12. O-O-O {[%emt 0:07:26]} Qe7 {[%emt 0:02:02]} 13. Ne4 {[%emt 0:12:48]} e5 {[%emt 0:05:05]} 14. Nb3 {[%emt 0:08:57]} Nxe4 {[%emt 0:04:59]} 15. fxe4 {[%emt 0:00:12]} O-O {[%emt 0:03:14]} 16. Rhg1 {[%emt 0:01:13]} Re8 {[%emt 0:12:45]} 17. a3 {[%emt 0:18:31]} Bd6 {[%emt 0:01:59]} 18. Qd3 {[%emt 0:03:28]} Bc7 {[%emt 0:00:35]} 19. Qc3 {[%emt 0:03:49]} f6 {[%emt 0:07:07]} 20. Nc5 {[%emt 0:05:57]} Kh8 {[%emt 0:06:19]} 21. h4 {[%emt 0:02:29]} Bd6 {[%emt 0:08:33]} 22. h5 {[%emt 0:01:41]} Bxc5 {[%emt 0:02:46]} 23. Bxc5 {[%emt 0:00:40]} Qf7 {[%emt 0:00:31]} 24. h6 {[%emt 0:10:35]} g6 {[%emt 0:05:25]} 25. f4 {[%emt 0:01:14]} exf4 {[%emt 0:01:09]} 26. Rgf1 {[%emt 0:02:39]} Kg8 {[%emt 0:05:49]} 27. Rxf4 {[%emt 0:00:46]} Be6 {[%emt 0:03:18]} 28. Rxf6 {[%emt 0:04:27]} Qc7 {[%emt 0:02:41]} 29. Rg1 {[%emt 0:00:28]} Bf7 {[%emt 0:00:35]} 30. Rgf1 {[%emt 0:00:22]} Re5 {[%emt 0:01:18]} 31. Rxf7 {[%emt 0:00:11]} Qxc5 {[%emt 0:00:18]} 32. Qxc5 {[%emt 0:00:31]} Rxc5 {[%emt 0:00:07]} 1-0

[Event "Portugal Open 2020"]
[Site "Lisbon"]
[Date "2020.01.26"]
[Round "2.16"]
[White "Pires, Emanuel Joao Robarts"]
[Black "Janik, Igor"]
[Result "0-1"]
[WhiteElo "2112"]
[BlackElo "2453"]
[Annotator "ChessBase"]
[PlyCount "100"]
[EventDate "2020.01.25"]
[EventType "swiss"]
[EventCountry "POR"]
[SourceTitle "playchess.com"]
[Source "ChessBase"]
[SourceQuality "1"]
[TimeControl "5400+30"]

1. e4 c6 2. Bc4 d5 {[%emt 0:00:00]} 3. Bb3 {[%emt 0:15:14]} dxe4 {[%emt 0:00:00]} 4. Qh5 {[%emt 0:00:08]} g6 {[%emt 0:00:10]} 5. Qh4 {[%emt 0:00:06]} Nf6 {[%emt 0:00:14]} 6. f3 {[%emt 0:00:07]} Bf5 {[%emt 0:03:33]} 7. Nc3 {[%emt 0:05:36]} exf3 {[%emt 0:03:47]} 8. Nxf3 {[%emt 0:01:01]} Bg7 {[%emt 0:00:48]} 9. O-O {[%emt 0:00:11]} e6 {[%emt 0:01:50]} 10. d4 {[%emt 0:01:20]} Nbd7 {[%emt 0:02:35]} 11. Bh6 {[%emt 0:04:31]} O-O {[%emt 0:15:56]} 12. Ng5 {[%emt 0:01:28]} Nh5 {[%emt 0:05:36]} 13. Bxg7 {[%emt 0:01:12]} Kxg7 {[%emt 0:00:02]} 14. g4 {[%emt 0:30:17]} h6 {[%emt 0:01:14]} 15. Nxe6+ {[%emt 0:03:35]} fxe6 {[%emt 0:06:16]} 16. Qxd8 {[%emt 0:01:05]} Raxd8 {[%emt 0:00:20]} 17. gxf5 {[%emt 0:00:37]} exf5 {[%emt 0:00:15]} 18. Rae1 {[%emt 0:06:16]} Rfe8 {[%emt 0:00:59]} 19. d5 {[%emt 0:01:19]} Ne5 {[%emt 0:04:05]} 20. Re3 {[%emt 0:04:38]} Nf6 {[%emt 0:01:29]} 21. dxc6 {[%emt 0:01:53]} bxc6 {[%emt 0:00:48]} 22. h3 {[%emt 0:02:19]} h5 {[%emt 0:02:43]} 23. Kh1 {[%emt 0:01:59]} Rd2 {[%emt 0:01:55]} 24. Nb1 {[%emt 0:09:18]} Rd4 {[%emt 0:02:21]} 25. Nc3 {[%emt 0:00:01]} Nfd7 {[%emt 0:04:09]} 26. Rfe1 {[%emt 0:02:40]} Kf6 {[%emt 0:00:13]} 27. Ba4 {[%emt 0:01:08]} Re6 {[%emt 0:01:14]} 28. Bb3 {[%emt 0:00:55]} Red6 {[%emt 0:00:09]} 29. Rf1 {[%emt 0:01:32]} Nc5 {[%emt 0:00:26]} 30. Rfe1 {[%emt 0:01:39]} Nxb3 {[%emt 0:02:06]} 31. axb3 {[%emt 0:00:02]} Nf7 {[%emt 0:00:08]} 32. Ra1 {[%emt 0:01:21]} Rd2 {[%emt 0:00:38]} 33. Rxa7 {[%emt 0:02:17]} Rxc2 {[%emt 0:00:11]} 34. Ra1 {[%emt 0:00:37]} Rdd2 {[%emt 0:00:41]} 35. Rae1 {[%emt 0:00:28]} Ng5 {[%emt 0:00:18]} 36. R1e2 {[%emt 0:00:28]} Rxe2 {[%emt 0:00:23]} 37. Nxe2 {[%emt 0:00:16]} Rxb2 {[%emt 0:00:17]} 38. Nd4 {[%emt 0:00:08]} c5 {[%emt 0:00:09]} 39. Nc6 {[%emt 0:00:08]} Ne4 {[%emt 0:00:09]} 40. Kg1 {[%emt 0:00:43]} h4 {[%emt 0:00:20]} 41. Nb8 {[%emt 0:00:24]} Kg5 {[%emt 0:00:16]} 42. Rf3 {[%emt 0:00:22]} c4 {[%emt 0:00:09]} 43. Nc6 {[%emt 0:01:04]} Rxb3 {[%emt 0:00:07]} 44. Rf1 {[%emt 0:00:02]} Rxh3 {[%emt 0:00:08]} 45. Ne5 {[%emt 0:00:09]} Rg3+ {[%emt 0:00:11]} 46. Kh2 {[%emt 0:00:01]} Nd2 {[%emt 0:00:25]} 47. Rd1 {[%emt 0:02:05]} c3 {[%emt 0:00:09]} 48. Nf3+ {[%emt 0:00:37]} Nxf3+ {[%emt 0:00:10]} 49. Kh1 {[%emt 0:00:01]} c2 {[%emt 0:00:14]} 50. Rf1 {[%emt 0:00:46]} Rg1+ {[%emt 0:00:05]} 0-1

[Event "Portugal Open 2020"]
[Site "Lisbon"]
[Date "2020.01.26"]
[Round "2.17"]
[White "Martin Duque, Jesus"]
[Black "Correia, Mario"]
[Result "1-0"]
[WhiteElo "2447"]
[BlackElo "2133"]
[Annotator "NA"]
[PlyCount "61"]
[EventDate "2020.01.25"]
[EventType "swiss"]
[EventCountry "POR"]
[SourceTitle "playchess.com"]
[Source "ChessBase"]
[SourceQuality "1"]
[TimeControl "5400+30"]

1. e4 c5 2. Nf3 Nc6 3. d4 cxd4 4. Nxd4 g6 5. c4 Nf6 6. Nc3 d6 7. Be2 Nxd4 8. Qxd4 Bg7 9. Be3 O-O 10. Qd2 a5 11. O-O a4 12. Bd4 Bd7 13. b4 axb3 14. axb3 Bc6 15. Qc2 Nd7 16. Bxg7 Kxg7 17. Rad1 Qb6 18. Nd5 Bxd5 19. exd5 Nc5 20. Qc3+ Kg8 21. b4 Ne4 22. Qc2 f5 23. Qb3 Nc5 24. Qb2 Ra4 25. Rb1 Na6 26. c5 dxc5 27. d6 Qxb4 28. dxe7 Re8 29. Qf6 Qd4 30. Qe6+ Kg7 31. Rxb7 1-0

[Event "Portugal Open 2020"]
[Site "Lisbon"]
[Date "2020.01.26"]
[Round "2.18"]
[White "Fernandes, Joao Pedro Murtinho"]
[Black "Stachowiak, Kamil"]
[Result "0-1"]
[WhiteElo "2099"]
[BlackElo "2446"]
[Annotator "NA"]
[PlyCount "64"]
[EventDate "2020.01.25"]
[EventType "swiss"]
[EventCountry "POR"]
[SourceTitle "playchess.com"]
[Source "ChessBase"]
[SourceQuality "1"]
[TimeControl "5400+30"]

1. e4 {[%emt 0:00:00]} c5 {[%emt 0:00:00]} 2. Nf3 {[%emt 0:00:00]} e6 {[%emt 0:00:00]} 3. d4 {[%emt 0:00:04]} cxd4 {[%emt 0:00:00]} 4. Nxd4 {[%emt 0:00:05]} a6 {[%emt 0:00:00]} 5. Nc3 {[%emt 0:00:17]} Qc7 {[%emt 0:00:07]} 6. Bd3 {[%emt 0:00:20]} Nc6 {[%emt 0:00:09]} 7. Nb3 {[%emt 0:01:29]} Nf6 {[%emt 0:00:46]} 8. O-O {[%emt 0:01:08]} b5 {[%emt 0:02:14]} 9. f4 {[%emt 0:02:05]} b4 {[%emt 0:10:23]} 10. e5 {[%emt 0:05:44]} bxc3 {[%emt 0:02:49]} 11. exf6 {[%emt 0:00:06]} gxf6 {[%emt 0:01:00]} 12. bxc3 {[%emt 0:00:22]} Bb7 {[%emt 0:02:32]} 13. Qe2 {[%emt 0:12:52]} Ne7 {[%emt 0:04:20]} 14. c4 {[%emt 0:17:19]} Rg8 {[%emt 0:07:49]} 15. Be4 {[%emt 0:01:58]} Nf5 {[%emt 0:12:26]} 16. Bd2 {[%emt 0:09:09]} Bxe4 {[%emt 0:01:51]} 17. Qxe4 {[%emt 0:00:12]} Rc8 {[%emt 0:00:24]} 18. Rae1 {[%emt 0:18:21]} Be7 {[%emt 0:01:42]} 19. c5 {[%emt 0:04:56]} Bxc5+ {[%emt 0:01:53]} 20. Kh1 {[%emt 0:00:09]} Be7 {[%emt 0:02:54]} 21. Nd4 {[%emt 0:05:12]} Nxd4 22. Qxd4 {[%emt 0:00:05]} Qc4 {[%emt 0:05:22]} 23. Qxc4 {[%emt 0:02:48]} Rxc4 {[%emt 0:00:06]} 24. Rb1 {[%emt 0:00:12]} Bd6 {[%emt 0:02:03]} 25. Rb6 {[%emt 0:03:46]} Ke7 {[%emt 0:00:18]} 26. c3 {[%emt 0:00:54]} Ra4 {[%emt 0:00:49]} 27. Be3 {[%emt 0:00:36]} Rb8 {[%emt 0:04:48]} 28. Rxb8 {[%emt 0:00:37]} Bxb8 {[%emt 0:00:04]} 29. Rf2 {[%emt 0:00:35]} Rc4 {[%emt 0:00:17]} 30. Rc2 {[%emt 0:00:45]} Bxf4 {[%emt 0:00:34]} 31. Bxf4 {[%emt 0:00:16]} Rxf4 {[%emt 0:00:05]} 32. g3 {[%emt 0:00:09]} Rc4 {[%emt 0:00:11]} 0-1

[Event "Portugal Open 2020"]
[Site "Lisbon"]
[Date "2020.01.26"]
[Round "2.19"]
[White "Campora, Daniel H."]
[Black "Silva, Goncalo Nuno Neto Pi"]
[Result "1-0"]
[WhiteElo "2420"]
[BlackElo "2133"]
[Annotator "NA"]
[PlyCount "43"]
[EventDate "2020.01.25"]
[EventType "swiss"]
[EventCountry "POR"]
[SourceTitle "playchess.com"]
[Source "ChessBase"]
[SourceQuality "1"]
[TimeControl "5400+30"]

1. e4 {[%emt 0:00:00]} c5 {[%emt 0:00:00]} 2. Nf3 {[%emt 0:00:00]} Nc6 {[%emt 0:00:00]} 3. Bb5 {[%emt 0:00:00]} g6 {[%emt 0:00:00]} 4. O-O {[%emt 0:00:41]} Bg7 {[%emt 0:00:01]} 5. Re1 {[%emt 0:00:20]} Nf6 {[%emt 0:00:40]} 6. d3 {[%emt 0:02:41]} O-O {[%emt 0:00:32]} 7. h3 {[%emt 0:01:21]} Qc7 {[%emt 0:19:54]} 8. e5 {[%emt 0:11:31]} Nd5 {[%emt 0:01:13]} 9. c4 {[%emt 0:00:09]} Nb6 10. Bf4 {[%emt 0:02:01]} Nd4 {[%emt 0:06:43]} 11. Nxd4 {[%emt 0:00:51]} cxd4 {[%emt 0:00:06]} 12. Nd2 {[%emt 0:00:03]} f6 {[%emt 0:06:32]} 13. exf6 {[%emt 0:09:27]} Qxf4 {[%emt 0:00:08]} 14. fxg7 {[%emt 0:00:02]} Qxf2+ {[%emt 0:01:28]} 15. Kh1 {[%emt 0:00:07]} Kxg7 {[%emt 0:00:43]} 16. Rxe7+ {[%emt 0:00:41]} Kh8 {[%emt 0:00:06]} 17. Re2 {[%emt 0:06:48]} Qf5 {[%emt 0:02:13]} 18. Qg1 {[%emt 0:09:19]} Kg7 {[%emt 0:19:09]} 19. Rf1 {[%emt 0:09:20]} Qc5 {[%emt 0:01:11]} 20. Rxf8 {[%emt 0:01:06]} Kxf8 {[%emt 0:00:55]} 21. b4 {[%emt 0:01:08]} Qh5 {[%emt 0:01:41]} 22. Qf2+ {[%emt 0:00:28]} 1-0

[Event "Portugal Open 2020"]
[Site "Lisbon"]
[Date "2020.01.26"]
[Round "2.20"]
[White "Fernandes, Alberto"]
[Black "Damaso, Rui"]
[Result "0-1"]
[WhiteElo "2092"]
[BlackElo "2420"]
[Annotator "NA"]
[PlyCount "32"]
[EventDate "2020.01.25"]
[EventType "swiss"]
[EventCountry "POR"]
[SourceTitle "playchess.com"]
[Source "ChessBase"]
[SourceQuality "1"]
[TimeControl "5400+30"]

1. c4 {[%emt 0:20:26]} e5 {[%emt 0:16:07]} 2. Nc3 {[%emt 0:02:45]} Nf6 {[%emt 0:00:15]} 3. e4 {[%emt 0:01:30]} Bc5 {[%emt 0:03:47]} 4. g3 {[%emt 0:01:37]} c6 {[%emt 0:01:33]} 5. Bg2 {[%emt 0:01:05]} b5 {[%emt 0:21:10]} 6. d3 {[%emt 0:21:51]} d6 {[%emt 0:05:30]} 7. Nge2 {[%emt 0:07:19]} Qb6 {[%emt 0:01:50]} 8. O-O {[%emt 0:00:37]} Nbd7 {[%emt 0:03:32]} 9. h3 {[%emt 0:01:11]} a5 {[%emt 0:01:06]} 10. b3 {[%emt 0:08:25]} Bb7 {[%emt 0:07:54]} 11. Bb2 {[%emt 0:01:49]} O-O {[%emt 0:02:23]} 12. g4 {[%emt 0:02:08]} a4 {[%emt 0:02:37]} 13. cxb5 {[%emt 0:14:44]} a3 {[%emt 0:01:43]} 14. bxc6 {[%emt 0:01:54]} axb2 {[%emt 0:00:35]} 15. cxb7 {[%emt 0:00:26]} bxa1=Q {[%emt 0:01:41]} 16. bxa8=Q {[%emt 0:00:57]} Qxd1 {[%emt 0:00:24]} 0-1

[Event "Portugal Open 2020"]
[Site "Lisbon"]
[Date "2020.01.26"]
[Round "2.21"]
[White "Butkiewicz, Lukasz"]
[Black "Roettgen, Juergen"]
[Result "1-0"]
[WhiteElo "2416"]
[BlackElo "2131"]
[Annotator "NA"]
[PlyCount "75"]
[EventDate "2020.01.25"]
[EventType "swiss"]
[EventCountry "POR"]
[SourceTitle "playchess.com"]
[Source "ChessBase"]
[SourceQuality "1"]
[TimeControl "5400+30"]

1. e4 {[%emt 0:00:00]} c5 {[%emt 0:00:00]} 2. Nf3 {[%emt 0:00:00]} e6 {[%emt 0:00:00]} 3. d4 {[%emt 0:00:00]} cxd4 {[%emt 0:00:00]} 4. Nxd4 {[%emt 0:00:00]} Nc6 {[%emt 0:00:01]} 5. Nc3 {[%emt 0:00:02]} Qc7 {[%emt 0:00:12]} 6. Be3 {[%emt 0:05:05]} a6 {[%emt 0:00:40]} 7. Be2 {[%emt 0:00:11]} Nf6 {[%emt 0:02:00]} 8. O-O {[%emt 0:00:11]} Bb4 {[%emt 0:01:50]} 9. Na4 {[%emt 0:00:14]} Be7 {[%emt 0:03:52]} 10. Nxc6 {[%emt 0:03:09]} bxc6 {[%emt 0:00:18]} 11. Nb6 {[%emt 0:00:09]} Rb8 {[%emt 0:00:38]} 12. Nxc8 {[%emt 0:00:07]} Qxc8 {[%emt 0:00:11]} 13. Bd4 {[%emt 0:05:25]} c5 {[%emt 0:06:36]} 14. Be5 {[%emt 0:02:34]} Rb6 {[%emt 0:00:19]} 15. Qd3 {[%emt 0:05:00]} O-O {[%emt 0:03:29]} 16. c4 {[%emt 0:01:40]} d6 {[%emt 0:11:18]} 17. Bc3 {[%emt 0:00:13]} Qc6 {[%emt 0:03:29]} 18. Bf3 {[%emt 0:06:30]} e5 {[%emt 0:05:22]} 19. g3 {[%emt 0:05:20]} Ne8 {[%emt 0:05:44]} 20. Bg2 {[%emt 0:03:28]} Nc7 {[%emt 0:03:35]} 21. f4 {[%emt 0:01:25]} Bf6 {[%emt 0:02:22]} 22. f5 {[%emt 0:01:08]} Ne8 {[%emt 0:00:46]} 23. Bf3 {[%emt 0:09:25]} Rb8 {[%emt 0:12:31]} 24. b3 {[%emt 0:01:32]} Bd8 {[%emt 0:03:20]} 25. Bd2 {[%emt 0:04:27]} Ra8 {[%emt 0:09:51]} 26. Rae1 {[%emt 0:05:59]} a5 {[%emt 0:05:00]} 27. Bd1 {[%emt 0:00:18]} Qc7 {[%emt 0:05:08]} 28. Kg2 {[%emt 0:01:30]} Ra7 {[%emt 0:02:18]} 29. h4 {[%emt 0:01:41]} Qc6 {[%emt 0:02:26]} 30. a4 {[%emt 0:02:33]} Bf6 {[%emt 0:04:50]} 31. Rh1 {[%emt 0:00:39]} g6 {[%emt 0:00:21]} 32. g4 {[%emt 0:03:25]} gxf5 {[%emt 0:00:10]} 33. gxf5 {[%emt 0:00:26]} Kh8 {[%emt 0:01:06]} 34. Kh3 {[%emt 0:02:08]} Bg7 {[%emt 0:00:54]} 35. Rhg1 {[%emt 0:01:16]} Nf6 {[%emt 0:01:36]} 36. Qf3 {[%emt 0:06:19]} Rg8 {[%emt 0:02:03]} 37. Rg3 {[%emt 0:00:26]} Rf8 38. Rgg1 1-0

[Event "Portugal Open 2020"]
[Site "Lisbon"]
[Date "2020.01.26"]
[Round "2.22"]
[White "Fidalgo, Daniel Neves"]
[Black "Savanovic, Aleksandar"]
[Result "0-1"]
[WhiteElo "2076"]
[BlackElo "2414"]
[Annotator "NA"]
[PlyCount "56"]
[EventDate "2020.01.25"]
[EventType "swiss"]
[EventCountry "POR"]
[SourceTitle "playchess.com"]
[Source "ChessBase"]
[SourceQuality "1"]
[TimeControl "5400+30"]

1. c4 {[%emt 0:00:00]} e6 {[%emt 0:01:54]} 2. Nf3 {[%emt 0:00:00]} d5 {[%emt 0:00:15]} 3. b3 {[%emt 0:00:12]} Nf6 {[%emt 0:00:09]} 4. g3 {[%emt 0:00:10]} d4 {[%emt 0:02:06]} 5. e3 {[%emt 0:02:22]} c5 {[%emt 0:00:10]} 6. exd4 {[%emt 0:00:37]} cxd4 {[%emt 0:00:08]} 7. Bg2 {[%emt 0:00:55]} Nc6 {[%emt 0:00:12]} 8. O-O {[%emt 0:01:30]} Be7 {[%emt 0:00:10]} 9. d3 {[%emt 0:00:55]} O-O {[%emt 0:02:32]} 10. a3 {[%emt 0:00:34]} a5 {[%emt 0:00:30]} 11. Re1 {[%emt 0:02:56]} Nd7 {[%emt 0:06:28]} 12. Nbd2 {[%emt 0:13:35]} h6 {[%emt 0:12:35]} 13. h4 {[%emt 0:02:58]} e5 {[%emt 0:04:19]} 14. Rb1 {[%emt 0:07:38]} f5 {[%emt 0:08:15]} 15. h5 {[%emt 0:10:07]} Kh8 {[%emt 0:01:53]} 16. Nh2 {[%emt 0:03:41]} Nc5 {[%emt 0:12:23]} 17. Ndf3 {[%emt 0:08:09]} e4 {[%emt 0:01:24]} 18. dxe4 {[%emt 0:00:08]} fxe4 {[%emt 0:00:07]} 19. Nd2 {[%emt 0:00:55]} e3 {[%emt 0:08:48]} 20. fxe3 {[%emt 0:00:44]} dxe3 {[%emt 0:00:10]} 21. Ndf3 {[%emt 0:00:51]} Qxd1 22. Rxd1 {[%emt 0:00:03]} e2 {[%emt 0:06:35]} 23. Re1 {[%emt 0:07:55]} Bf5 {[%emt 0:04:08]} 24. Rb2 {[%emt 0:00:24]} Nd3 {[%emt 0:00:24]} 25. Rbxe2 {[%emt 0:00:10]} Nxe1 {[%emt 0:00:32]} 26. Rxe1 {[%emt 0:00:04]} Rae8 {[%emt 0:02:23]} 27. Be3 {[%emt 0:03:15]} Bxa3 {[%emt 0:00:07]} 28. Nh4 {[%emt 0:02:00]} Rxe3 {[%emt 0:00:56]} 0-1

[Event "Portugal Open 2020"]
[Site "Lisbon"]
[Date "2020.01.26"]
[Round "2.23"]
[White "Goluch, Piotr"]
[Black "Ferreira, Vitor Hugo Vieira"]
[Result "1-0"]
[WhiteElo "2413"]
[BlackElo "2123"]
[Annotator "TA"]
[PlyCount "75"]
[EventDate "2020.01.25"]
[EventType "swiss"]
[EventCountry "POR"]
[SourceTitle "playchess.com"]
[Source "ChessBase"]
[SourceQuality "1"]

{[%evp 16,75,61,52,62,3,6,8,20,-4,1,-27,-19,-26,-6,0,0,-140,0,0,89,72,64,86,98,18,23,-22,-15,-24,-20,-8,0,5,4,0,30,25,31,0,355,347,382,379,359,187,371,367,1224,1205,1360,1287,29988,29976,29970,29964,29988,29989,29996,796,29997,29998]} 1. d4 Nf6 2. Nf3 e6 3. c4 b6 4. g3 Bb7 5. Bg2 Be7 6. O-O O-O 7. Nc3 d6 8. Qc2 c5 9. d5 exd5 {E18: Queen's Indian: Old Main Line (4 g3 Bb7 5 Bg2 Be7 6 0-0 0-0 7 Nc3).} 10. Nh4 (10. cxd5 $14 b5 11. a3 (11. Nxb5 Bxd5 12. Rd1 Nc6 $11)) 10... Nc6 $11 {...d4 is the strong threat.} 11. cxd5 {[#]} Nd4 $146 {The position is equal.} ({Predecessor:} 11... Nb4 12. Qd1 Qd7 13. a3 Na6 14. e4 g6 15. f4 Ng4 16. f5 Bxh4 17. gxh4 Ne5 {1-0 (38) Mustelin,J-Kinsigo,M (2200) Tampere 1989}) 12. Qd1 Ne8 13. Qd3 Bxh4 14. gxh4 {aiming for e3.} Nc7 15. Bg5 Qd7 16. Qg3 {[#]} (16. Qd1 $11) 16... f5 (16... Nxd5 $1 $17 {[%mdl 512]} 17. Bxd5 (17. Nxd5 Nxe2+) 17... Bxd5) 17. e3 Nc2 (17... Ndb5 $11 {keeps the balance.}) 18. Rac1 $16 {[%cal Ba1c1,Bc1c2,Bc2d2][%mdl 32]} Nb4 {[%cal Rb4d5]} 19. Rfd1 $1 c4 {[#]} 20. Rd4 (20. b3 $1 $16) 20... Nd3 $11 21. Rc2 b5 22. Rd2 Ne5 23. f4 Ng4 24. h5 Nf6 25. h6 Rae8 26. hxg7 Qxg7 27. Nd1 Ne4 $2 {[%mdl 8192]} (27... Kh8 $11 {and Black has nothing to worry.}) 28. Bxe4 $1 $18 Rxe4 29. Rxe4 fxe4 30. Nc3 $40 {[%mdl 128] White attacks with force.} (30. Rg2 $142 {Strongly threatening Qh3.} Kh8 31. Qh4) 30... Kh8 $2 {[#]} (30... b4 {keeps fighting.} 31. Nxe4 Qg6) 31. Rg2 $1 h6 $2 (31... Ne8 32. Nxb5 a6) 32. Qh4 Kh7 33. Be7 {[%mdl 64] Double Attack} Qf7 34. Bxf8 Qxf8 35. Qh5 b4 36. Nxe4 Bxd5 37. Qg6+ {[%mdl 64] Double Attack} Kh8 {[#]} 38. Nf6 $1 {[%mdl 512] Accuracy: White = 70%, Black = 60%.} 1-0